The Capital of Canada Through its History - Statistics

General Stats
  • This quiz has been taken 159 times
  • The average score is 8 of 11
Answer Stats
Hint capital % Correct
Province of Canada Ottawa
99%
Dominion of Canada Ottawa
99%
Province of Upper Canada York (now Toronto)
97%
Province of Canada Montréal
91%
Province of Canada Toronto
90%
Province of Canada Toronto
90%
Province of Lower Canada Québec City
84%
Province of Canada Kingston
40%
Province of Canada Québec City
28%
Province of Canada Québec City
28%
Province of Upper Canada Newark (now Niagara-on-the-Lake)
7%
No matching quizzes found
Score Distribution
Percent of People with Each Score
Percentile by Number Answered
Your Score History
You have not taken this quiz